000 00598nam a2200229Ia 4500
003 OSt
005 20220924132541.0
006 a|||||r|||| 00| 0
007 ta
008 220923b |||||||| |||| 00| 0 san d
024 _a64345
037 _cTextual
040 _aARTS
_cARTS
_bsan
041 _2san
_asan
082 _aQ22:24, 15J2
100 _aVyasa
245 0 _aSrimad Bhagavat,"Bhavaarthadipika" Sanskrit comm by Sridhar Swami ed by Ramtej Pandey
260 _c1952
650 _aRELIGION
942 _hQ22:24, 15J2
_cTEXL
_2CC
999 _c430702
_d430702